000 01022nam a2200277 a 4500
001 838
003 BR-CuiBMT
005 20231127041206.0
008 231107s2015 bab 001 0 por d
020 _a9788544204122
040 _aBR-CuiBMT
_cBR-CuiBMT
080 _22007
_a347.91/.95
_x(81)
090 _a347.91/.95(81)
_bD556n
100 1 _aDidier Junior, Fredie,
_d1974-
245 1 0 _aNovo código de processo civil :
_bcomparativo com o código de 1973 /
_cFredie Didier Jr., Ravi Peixoto.
260 _aSalvador :
_bJusPODIVM,
_c2015.
300 _a855 p. ;
_c24 cm
500 _aInclui índice.
500 _aAnotado com referências ao Código Civil, à legislação extravagante, às resoluções do CNJ e CNMP e aos enunciados do Fórum Permanente de Processualidades Civis.
590 _aA Biblioteca possui a 2. reimpr. 2015.
650 _aDireito civil
_zBrasil
650 _aProcesso civil
_zBrasil
650 _aDireitos e garantias e individuais
_zBrasil
700 1 _aPeixoto, Ravi
942 _2udc
_cLV
999 _c838
_d838